Dynamic general equilibrium modelling computational methods and applications

Saved in:
Bibliographic Details
Main Author: Heer, Burkhard
Other Authors: Maussner, Alfred
Format: Book
Language:English
Published: Berlin Springer 2005
Subjects:
Tags: Add Tag
No Tags, Be the first to tag this record!

MARC

LEADER 00000nam$a2200000$$$4500
001 0075868
005 20221129082509.7
020 |a 3-540-22095-X 
041 0 |a eng 
044 |a DE 
245 1 0 |a Dynamic general equilibrium modelling  |b computational methods and applications  |c Burkhard Heer, Alfred Maussner 
264 1 |a Berlin  |b Springer  |c 2005 
300 |a 540 s. 
610 2 0 |a modelovanie ekonometrické 
610 2 0 |a modely stochastické 
610 2 0 |a modely dynamické 
610 2 0 |a modely rovnováhy 
610 2 0 |a teórie ekonomické 
610 2 0 |a cykly obchodné 
610 2 0 |a rast hospodársky 
610 2 0 |a matematika hospodárska 
610 2 0 |a využitie počítačov 
610 2 0 |a modely rastu 
610 2 0 |a distribúcia 
610 2 0 |a algoritmy 
610 2 0 |a metódy ekonometrické 
610 2 0 |a optimalizácia 
100 1 |a Heer, Burkhard 
700 1 |a Maussner, Alfred